000 00691nam a2200193Ii 4500
003 JO-AjNU
008 230605s9999||||xx |||||||||||||| ||und||
040 _aJO-AjNU
_bara
_erda
_cJO-AjNU
041 _aara
050 1 4 _aPJ7692.R8.Z55 1980
100 3 _aتأليف زيفاكو،ميشال ؛ ترجمة طانيوس عبده,
_eauthor
_918748
245 0 0 _aرواية عشاق فينيسيا، الجزء الثاني
264 3 1 _aبيروت:المكتبة الثقافية،1980
300 _aج2، 350ص
336 _atext
_btxt
_2rdacontent
337 _aunmediated
_bn
_2rdamedia
338 _avolume
_bnc
_2rdacarrier
650 4 _aقصص مترجمة - عشاق فينيسيا
_918749
999 _aA6055
_c9623
_d9623